El Montseny : parc natural : mapa - guia excursionista = Map & hiking guide parc natural :
Descripción Física:
1 mapa : col. : escala 1-25.000 ; 56 x 66 cm plegat a 21 x 12 cm + 1 fullet
Otros Autores:
Girona. Diputació
MARC
| LEADER | 00000nam a2200000Ia 4500 | ||
|---|---|---|---|
| 001 | 23816 | ||
| 008 | 160829s2010 xx 000 0 cat d | ||
| 080 | |a FU-62-52 | ||
| 245 | |a El Montseny : |b parc natural : |b mapa - guia excursionista = Map & hiking guide | ||
| 250 | |a 2a ed. | ||
| 260 | |a Granollers : |b Editorial Alpina, |c 2010 | ||
| 300 | |a 1 mapa : |b col. : |b escala 1-25.000 ; |c 56 x 66 cm plegat a 21 x 12 cm + 1 fullet | ||
| 590 | |a Text en català, castellà i anglès | ||
| 650 | |a Excursionisme |9 49694 | ||
| 650 | |a Mapes topogràfics |9 38964 | ||
| 650 | |a Montseny (Catalunya : Massís) I | ||
| 650 | |a Serralada Prelitoral Catalana (Catalunya) |9 49696 | ||
| 700 | |a Girona. Diputació | ||
| 710 | 1 | |a Barcelona (Catalunya : Província). |b Diputació |9 52408 | |
| 710 | 2 | |a Geoestel (Firma) |9 54343 | |
| 901 | |a Arxiu | ||
| 942 | |n 1 | ||
| 952 | |0 0 |1 0 |4 0 |6 FU6252 |7 1 |9 55538 |a Arxiu |b Arxiu |d 2016-12-01 |l 0 |o FU-62-52 |p 23816 |r 2016-12-01 00:00:00 |w 2016-12-01 |y ARXIU | ||
| 999 | |c 59411 |d 59411 | ||